Épisodes Les Mieux Notés Selon IMDb - Statistiques

Statistiques générales
  • Ce quiz a été pris 14 fois
  • Le résultat moyen est 8 sur 20
Statistiques - réponses
Rang sur IMDb Nom de l'épisode Note /10 Nom de la série % Correct
#1 Ozymandias 10 Breaking Bad
90%
#3 Felina 9.9 Breaking Bad
90%
#2 Battle of the Bastards 9.9 Game of Thrones
90%
#6 The Rains of Castamere 9.9 Game of Thrones
70%
#19 The Winds of Winter 9.9 Game of Thrones
70%
#11 Face Off 9.9 Breaking Bad
60%
#9 From You, 2000 Years Ago 9.8 L'Attaque des Titans
50%
#4 Hero 9.8 L'Attaque des Titans
40%
#10 Memories of the Future 9.8 L'Attaque des Titans
40%
#16 Sozin's Comet, Part 4: Avatar Aang 9.9 Avatar, le dernier maître de l'air
30%
#5 Perfect Game 9.8 L'Attaque des Titans
30%
#12 Assault 9.8 L'Attaque des Titans
30%
#15 Plan and Execution 9.9 Better Call Saul
20%
#8 407 Proxy Authentication Required 9.9 Mr. Robot
20%
#14 Sleepytime 9.7 Bluey
10%
#20 The View from Halfway Down 9.9 BoJack Horseman
10%
#13 Re; 9.8 Code Geass: Lelouch of the Rebellion
10%
#7 Victory and Death 9.9 Star Wars: The Clone Wars
10%
#18 The Phantom Apprentice 9.8 Star Wars: The Clone Wars
10%
#17 End of the Prologue 9.9 Vinland Saga
10%
Aucun quiz correspondant
Distribution des résultats
% des personnes avec chaque résultat
Percentile par nombre de réponses
Votre historique - résultats
Vous n’avez pas pris ce quiz